1976 1299 1907 1743 1815 1155 1293 1811 1035 1764 1914 1059 1866 1362 1586 1709 1585 1206 1133 1710 1801 1721 1146 1205 1055 1818 1065 1400 1639 1971 1056 1786 1688 1133 1942 1770 1708 1837 1021 1035 1011 1045 1731 1008 1208 1595 1659 1906 1373 1167 1882 1057 1427 1443 1936 1526 1331 1024 1017 1432 1011 1490 1407 1016 1434 1095 1120 1906 1045 1998 1827 1929 1095 1219 1987 1338 1678 1668 1223 1867 1868 1974 1114 1537 1226 1141 1057 1210 1024 1265 1081 1008 1430 1846 1360 1311 1674 1216 1163 BCNSPRNW ULIB Ver.6.0+V

เปลี่ยนเป็นภาษาไทย

Change to English
 แสดงรายละเอียดบรรณานุกรม
  กลับหน้าหลัก

Brief Record : Get Marc (ISO 2709) : E-mail record : QR code < ปิดหน้าต่าง
LEADER : 00000nam 2200000uu 4500
001    13399123161
003     ULIB
008    111208s2551||||th 000 0 tha d
020    ^a9789744467157
090    นว.^bภ653ส
100    ^aภูเตศวร
245    ^aสัญญาจากลาซา/^cรัศมีจันทร์
250    ^aพิมพ์ครั้งที่ 7
260    ^aกรุงเทพฯ :^bณ บ้านวรรณกรรม,^c2551
300    ^a388หน้า
710 1  ^aณ บ้านวรรณกรรม
945    ^p300^l0^i034419
995    ^aทศพร
999 ^a ทศพร
รายการนี้ยังไม่มีแท็ก
คุณยังไม่ได้ล็อกอิน คุณสามารถมีกิจกรรมร่วมกับเว็บไซต์ได้ แต่ต้องล็อกอินก่อน ::
  ล็อกอิน

รายการสื่อสารสนเทศ

ลำดับที่ ประเภท เลขเรียก/บาร์โค้ด สถานที่ สถานะ
1. นวนิยาย
นวนิยาย
นว. ภ653ส ฉ.1 
  Barcode: 034419
ห้องสมุดวิทยาเขตสวรรค์ประชารักษ์
►นวนิยาย
บนชั้น
  ขอยืม

BibComment


ยังไม่เคยถูกคอมเมนท์

คอมเมนท์ทรัพยากรรายการนี้
  คอมเมนท์: สัญญาจากลาซา รัศ..


 Copyright 2026. Bcnsprnw @Library